Loading...
| Science - Biology | 0 | 3 | 0 | 1 | 30 | 44 | 87.67 | 0 | 1 |
| History - Other History | 0 | 3 | 1 | 0 | 25 | 61 | 87.00 | 2 | 2 |
| Fine Arts - Classical Music | 0 | 4 | 3 | 1 | 25 | 64 | 115.50 | 0 | 1 |
| Other | 0 | 3 | 1 | 0 | 25 | 34 | 94.00 | 1 | 1 |
| Social Science | 0 | 2 | 0 | 1 | 20 | 103 | 112.50 | 0 | 0 |
| Literature - World Literature | 0 | 2 | 0 | 0 | 20 | 116 | 128.00 | 0 | 0 |
| Mythology | 0 | 2 | 0 | 1 | 20 | 79 | 106.00 | 0 | 1 |
| Religion | 0 | 2 | 1 | 0 | 15 | 102 | 102.50 | 0 | 0 |
| Literature - European Literature | 0 | 1 | 0 | 0 | 10 | 124 | 124.00 | 0 | 0 |
| Science - Physics | 0 | 1 | 0 | 0 | 10 | 101 | 101.00 | 0 | 1 |
| Fine Arts - Other Fine Arts | 0 | 1 | 0 | 0 | 10 | 121 | 121.00 | 0 | 0 |
| Literature - American Literature | 0 | 2 | 2 | 1 | 10 | 136 | 143.00 | 0 | 0 |
| Science - Chemistry | 0 | 1 | 0 | 0 | 10 | 121 | 121.00 | 0 | 0 |
| History - European History | 0 | 2 | 2 | 0 | 10 | 112 | 113.00 | 0 | 0 |
| Literature - British Literature | 0 | 0 | 0 | 0 | 0 | 0.00 | 0 | 0 | |
| Science - Other Science | 0 | 0 | 0 | 0 | 0 | 0.00 | 0 | 0 | |
| History - American History | 0 | 0 | 1 | 0 | -5 | 0.00 | 0 | 0 | |
| Fine Arts - Painting & Sculpture | 0 | 0 | 1 | 0 | -5 | 0.00 | 0 | 0 |